000 00552nam a2200169 4500
001 136827
003 ES-MaACL
005 20230906195234.0
007 t|
008 070214s1931 sp r ||||1| spa d
100 1 _aSaguer y Olivet, Emilio.
_9101461
245 1 3 _aLa cuestión catalana y el estatuto de Cataluña /
_cEmilio Saguer y Olivet.
260 _aBarcelona :
_b[s.n.],
_c1931 (
_fTip. La Académica de Herederos de Serra y Russell)
300 _a78 p. ;
_c20 cm.
650 4 _aNacionalismo-
_xCataluña.
_915442
852 _aES-MaACL
_jF-13736
999 _c136827
_d136827